Задачи вступительных экзаменов по математике в Филиал МГУ имени М.В. Ломоносова в г. Севастополе (Запись № 10829996)

Подробности
000 -МАРКЕР
контрольное поле 01938nam0a2200349 i 4500
001 - ИДЕНТИФИКАТОР ЗАПИСИ
контрольное поле RU\NLR\BIBL_A\011577687
005 - ИДЕНТИФИКАТОР ВЕРСИИ
контрольное поле 20241114203705.0
010 ## - МЕЖДУНАРОДНЫЙ СТАНДАРТНЫЙ НОМЕР КНИГИ (ISBN)
Номер (ISBN) 9785001091066
Тираж 100
021 ## - НОМЕР ГОСУДАРСТВЕННОЙ РЕГИСТРАЦИИ
Код страны Российская Федерация
Номер 2017-94918
Номер Листа государственной регистраци 6813
035 ## - ДРУГИЕ СИСТЕМНЫЕ НОМЕРА
Идентификатор записи (NLR Aleph) 011577687
100 ## - ДАННЫЕ ОБЩЕЙ ОБРАБОТКИ
Данные общей обработки 20180110d2017 u y0rusy50 ca
101 0# - ЯЗЫК РЕСУРСА
Язык текста, звукозаписи и т.д. русский
102 ## - СТРАНА ПУБЛИКАЦИИ ИЛИ ПРОИЗВОДСТВА
Страна публикации Российская Федерация
105 ## - ПОЛЕ КОДИРОВАННЫХ ДАННЫХ: ТЕКСТОВЫЕ МАТЕРИАЛЫ, МОНОГРАФИЧЕСКИЕ
Кодированные данные о монографическом текстовом документе a|||j|||000yy
200 1# - ЗАГЛАВИЕ И СВЕДЕНИЯ ОБ ОТВЕТСТВЕННОСТИ
Основное заглавие Задачи вступительных экзаменов по математике в Филиал МГУ имени М.В. Ломоносова в г. Севастополе
Сведения, относящиеся к заглавию [учебно-методическое пособие]
Первые сведения об ответственности Филиал Московского государственного университета имени М.В. Ломоносова в г. Севастополе
Последующие сведения об ответственности составители: С.Ю. Артамонов, А.Б. Будак
205 ## - СВЕДЕНИЯ ОБ ИЗДАНИИ
Сведения об издании 3-е изд., испр. и доп.
210 ## - ПУБЛИКАЦИЯ, РАСПРОСТРАНЕНИЕ И ДР.
Место издания, распространения и т.д. Уфа
Имя издателя, распространителя и т. д. АЭТЕРНА
Дата издания, распространения и т.д. 2017
215 ## - ФИЗИЧЕСКАЯ ХАРАКТЕРИСТИКА
Специфическое обозначение материала и объем 172 с.
Другие сведения о физической характеристике ил.
Размеры 19
300 ## - ОБЩИЕ ПРИМЕЧАНИЯ
Текст примечания На обл. авт.: С.Ю. Артамонов, А.Б. Будак
320 ## - ПРИМЕЧАНИЯ О НАЛИЧИИ В ДОКУМЕНТЕ БИБЛИОГРАФИИ / УКАЗАТЕЛЯ
Текст примечания Библиогр.: с. 171-172 (12 назв.)
601 02 - НАИМЕНОВАНИЕ ОРГАНИЗАЦИИ КАК ПРЕДМЕТ
Начальный элемент ввода МГУ им. М. В. Ломоносова
Структурное подразделение организации Филиал
Идентифицирующий признак Севастополь, город
Формальный подзаголовок Учебно-методические пособия
Тематический подзаголовок Экзамены вступительные
Системный номер авторитетной/нормативной записи 2353373
Идентификатор авторитетной/нормативной записи RU\NLR\AUTH\6601628636
606 1# - НАИМЕНОВАНИЕ ТЕМЫ КАК ПРЕДМЕТ
Наименование темы Математика
Формальный подзаголовок Задачники
Системный номер авторитетной/нормативной записи 922118
Идентификатор авторитетной/нормативной записи RU\NLR\AUTH\6619329
606 ## - НАИМЕНОВАНИЕ ТЕМЫ КАК ПРЕДМЕТ
Наименование темы Математика
Формальный подзаголовок Учебно-методические пособия
Тематический подзаголовок Экзамены вступительные
Системный номер авторитетной/нормативной записи 2353377
Идентификатор авторитетной/нормативной записи RU\NLR\AUTH\6601628638
686 1# - ИНДЕКСЫ ДРУГИХ КЛАССИФИКАЦИЙ
Индекс В10я729-4
686 1# - ИНДЕКСЫ ДРУГИХ КЛАССИФИКАЦИЙ
Индекс Ч481.442.19я7
686 1# - ИНДЕКСЫ ДРУГИХ КЛАССИФИКАЦИЙ
Индекс Ч486.24-442.19я7
711 02 - НАИМЕНОВАНИЕ ОРГАНИЗАЦИИ - АЛЬТЕРНАТИВНАЯ ОТВЕТСТВЕННОСТЬ
Начальный элемент ввода МГУ им. М. В. Ломоносова
Структурное подразделение Филиал
Идентифицирующий признак Севастополь
Системный номер авторитетной/нормативной записи 576812
Идентификатор авторитетной/нормативной записи RU\NLR\AUTH\880456802
942 ## - ДОПОЛНИТЕЛЬНЫЕ ЭЛЕМЕНТЫ ЗАПИСИ (АБИС)
Тип экземпляра АБИС Книга
980 ## - КОЛЛЕКЦИЯ
Название коллекции НБР

Нет доступных экземпляров.